|
|
|
|
| LEADER |
01113cam a2200253 7i4500 |
| 001 |
0000055997 |
| 005 |
20201127090000.0 |
| 020 |
|
|
|a 0309545986 (electronic book)
|
| 090 |
0 |
0 |
|a LB1028.25.U6
|b N38 2005
|
| 110 |
1 |
|
|a National Research Council (U.S.). Committee on Research in Education
|
| 245 |
1 |
0 |
|a Advancing scientific research in education
|c Committee on Research in Education ; Lisa Towne, Lauress L. Wise, and Tina M. Winters, editors.
|
| 264 |
|
1 |
|a Washington, D.C:
|b National Academies Press,
|c 2005.
|
| 300 |
|
|
|a 1 online resource (xiv, 120 pages):
|b text file, PDF.
|
| 336 |
|
|
|a text
|2 rdacontent
|
| 337 |
|
|
|a computer
|2 rdamedia
|
| 338 |
|
|
|a online resource
|2 rdacarrier
|
| 650 |
0 |
0 |
|a Education --
|x Research --
|z United States
|
| 655 |
0 |
0 |
|a Electronic books
|
| 700 |
1 |
|
|a Towne, Lisa
|
| 700 |
1 |
|
|a Wise, Lauress L
|
| 700 |
1 |
|
|a Winters, Tina M
|
| 856 |
4 |
2 |
|u http://library.unisel.edu.my/equip-unisel/custom/ebook_catalog/ebook/Advancingscientificresearchineducation.pdf
|
| 997 |
|
|
|a Education & Social Sciences, Faculty
|b Education, Department
|
| 999 |
|
|
|a EBO0002266
|b EBOOK
|c EBOOK
|e Electronic resources
|